Bệnh ký sinh trùng ở đàn dê Việt Nam : Sách cho nông dân miền núi
Giới thiệu một số phương pháp chuẩn đoán và phòng chống bệnh kí sinh trùng ở dê, những bệnh kí sinh trùng phổ biến, cách phòng bệnh và điều trị cùng một số loại thuốc phòng trị kí sinh trùng cho dê...
Gardado en:
| Autor Principal: | |
|---|---|
| Formato: | Libro |
| Idioma: | Undetermined |
| Publicado: |
Hà Nội
Nông nghiệp
2004
|
| Những chủ đề: | |
| Các nhãn: |
Engadir etiqueta
Sen Etiquetas, Sexa o primeiro en etiquetar este rexistro!
|
| Thư viện lưu trữ: | Trung tâm Học liệu Trường Đại học Cần Thơ |
|---|
| LEADER | 01017nam a2200229Ia 4500 | ||
|---|---|---|---|
| 001 | CTU_96631 | ||
| 008 | 210402s9999 xx 000 0 und d | ||
| 020 | |c 18000 | ||
| 082 | |a 636.39089696 | ||
| 082 | |b L121 | ||
| 100 | |a Phan, Địch Lân | ||
| 245 | 0 | |a Bệnh ký sinh trùng ở đàn dê Việt Nam : | |
| 245 | 0 | |b Sách cho nông dân miền núi | |
| 245 | 0 | |c Phan Địch Lân, Nguyễn Thị Kim Lan, Nguyễn Văn Quang | |
| 260 | |a Hà Nội | ||
| 260 | |b Nông nghiệp | ||
| 260 | |c 2004 | ||
| 520 | |a Giới thiệu một số phương pháp chuẩn đoán và phòng chống bệnh kí sinh trùng ở dê, những bệnh kí sinh trùng phổ biến, cách phòng bệnh và điều trị cùng một số loại thuốc phòng trị kí sinh trùng cho dê | ||
| 650 | |a Goats,Veterinary parasitology | ||
| 650 | |x Diseases | ||
| 904 | |i Tuyến | ||
| 980 | |a Trung tâm Học liệu Trường Đại học Cần Thơ | ||